Plant design and economics for chemical engineers (Record no. 26086)

000 -LEADER
fixed length control field 00574nam a22002057a 4500
001 - CONTROL NUMBER
control field 26086
003 - CONTROL NUMBER IDENTIFIER
control field BD-DhUET
008 - FIXED-LENGTH DATA ELEMENTS--GENERAL INFORMATION
fixed length control field 150518b xxu||||| |||| 00| 0 eng d
040 ## - CATALOGING SOURCE
Original cataloging agency DLC
Transcribing agency DLC
Modifying agency BD-DhUET
082 ## - DEWEY DECIMAL CLASSIFICATION NUMBER
Classification number 660.28
Item number PET/1968
100 ## - MAIN ENTRY--PERSONAL NAME
Personal name Peters, Max S.
245 ## - TITLE STATEMENT
Title Plant design and economics for chemical engineers
250 ## - EDITION STATEMENT
Edition statement 2nd ed.
260 ## - PUBLICATION, DISTRIBUTION, ETC. (IMPRINT)
Place of publication, distribution, etc. Tokyo
Name of publisher, distributor, etc. McGraw-Hill Kogakusha
Date of publication, distribution, etc. 1968
300 ## - PHYSICAL DESCRIPTION
Extent 850p.
Other physical details ill.
490 ## - SERIES STATEMENT
Series statement McGraw-Hill chemical engineering series
650 #0 - SUBJECT ADDED ENTRY--TOPICAL TERM
Topical term or geographic name as entry element Design : Chemical engineering
700 ## - ADDED ENTRY--PERSONAL NAME
Personal name Timmerhaus, Klaus D.
942 ## - ADDED ENTRY ELEMENTS (KOHA)
Koha item type General Book
Holdings
Withdrawn status Date acquired Koha date last seen Price effective from Koha full call number Not for loan Copy number Source of classification or shelving scheme Damaged status Sublocation or collection (holding branch) Lost status Shelving location Location (home branch) Koha normalized classification for sorting Koha item type Piece designation (barcode)
 2015-05-182015-05-182015-05-18660.28/PET/1968 1  Central Library, BUET Circulation sectionCentral Library, BUET660_280000000000000_PET_1968General Book17893
 2015-05-182015-05-182015-05-18660.28/PET/1968 2  Central Library, BUET Circulation sectionCentral Library, BUET660_280000000000000_PET_1968General Book54701
 2015-05-232015-05-232015-05-23660.28/PET/1968 3  Central Library, BUET Circulation sectionCentral Library, BUET660_280000000000000_PET_1968General Book32144
 2015-06-182015-06-182015-06-18660.28/PET/1968 4  Central Library, BUET Reading sectionCentral Library, BUET660_280000000000000_PET_1968Reading Item32147
 2015-06-202015-06-202015-06-20660.28/PET/1968 5  Central Library, BUET Reading sectionCentral Library, BUET660_280000000000000_PET_1968Reading Item15597
 2015-06-202015-06-202015-06-20660.28/PET/1968 6  Central Library, BUET Reading sectionCentral Library, BUET660_280000000000000_PET_1968Reading Item17895
 2015-06-202015-06-202015-06-20660.28/PET/1968 7  Central Library, BUET Reading sectionCentral Library, BUET660_280000000000000_PET_1968Reading Item32145
 2015-06-282015-06-282015-06-28660.28/PET/1968 8  Central Library, BUET Reading sectionCentral Library, BUET660_280000000000000_PET_1968Reading Item24428
 2015-06-282015-06-282015-06-28660.28/PET/1968 9  Central Library, BUET Reading sectionCentral Library, BUET660_280000000000000_PET_1968Reading Item32146
 2015-06-282015-06-282015-06-28660.28/PET/1968 10  Central Library, BUET Reading sectionCentral Library, BUET660_280000000000000_PET_1968Reading Item24430
 2015-06-292015-06-292015-06-29660.28/PET/1968 11  Central Library, BUET Reading sectionCentral Library, BUET660_280000000000000_PET_1968Reading Item16642